| 000 | 01183camaa2200373Mi 4500 | ||
|---|---|---|---|
| 001 | 93466 | ||
| 005 | 20230410132922.0 | ||
| 008 | 900725s19779999sp 000 0 spa d | ||
| 035 | _a(OCoLC)ocn431348582 | ||
| 040 |
_aBNM _bspa _cBNM _dESUDE |
||
| 016 | 7 |
_abimoBNE19971488629 _2SpMaBN |
|
| 017 | _aM 18114-1980 | ||
| 020 | _a9788424935497 | ||
| 035 | _a(OCoLC)431348582 | ||
| 041 | 1 |
_aspa _hgrc |
|
| 050 | 1 | 4 |
_aB 171 _bB582 1977 |
| 049 | _aGRAL | ||
| 100 | 0 | _aCalímaco. | |
| 130 | 1 | _aBiblioteca Clásica Gredos. | |
| 245 | 1 | 0 |
_aHimnos, epigramas y fragmentos / _cCalímaco ; introducciones, traducción y notas de Luis Alberto de Cuenca y Prado y Máximo Brioso Sánchez. |
| 260 |
_aMadrid : _bGredos, _c1977 |
||
| 300 |
_a318 p. _c20 cm. |
||
| 440 | 0 |
_aBiblioteca clásica Gredos ; _vn.33 |
|
| 504 | _aBibliografía: p. [25]-30. índice. | ||
| 650 | 0 | _aPhilosophy, Classical. | |
| 650 | 0 | _aPhilosophy, Ancient. | |
| 650 | 0 |
_aPhilosophers, Ancient _xBiography |
|
| 700 | 1 |
_aCuenca, Luis Alberto de _d1950- |
|
| 700 | 1 | _aBrioso Sánchez, Máximo. | |
| 830 | 0 |
_aBiblioteca clásica Gredos ; _v33. |
|
| 942 |
_2lcc _cbk |
||
| 946 | _amjcruz | ||
| 994 |
_aC0 _bDRFGD |
||
| 999 |
_c90192 _d90192 |
||